Global Housing Projects Since 1980: v. 4 (Record no. 13533)
[ view plain ]
| 000 -LEADER | |
|---|---|
| fixed length control field | 00234 a2200085 4500 |
| 020 ## - INTERNATIONAL STANDARD BOOK NUMBER | |
| International Standard Book Number | 9788496954472 |
| 100 ## - MAIN ENTRY--PERSONAL NAME | |
| Personal name | Jose Luis Mateo and Ramias Steinemann |
| 245 ## - TITLE STATEMENT | |
| Title | Global Housing Projects Since 1980: v. 4 |
| 260 ## - PUBLICATION, DISTRIBUTION, ETC. | |
| Name of publisher, distributor, etc. | ActarD Inc |
| Date of publication, distribution, etc. | 2008 |
| Withdrawn status | Lost status | Source of classification or shelving scheme | Damaged status | Not for loan | Permanent Location | Current Location | Date acquired | Source of acquisition | Cost, normal purchase price | Total Checkouts | Barcode | Date last seen | Date last checked out | Cost, replacement price | Price effective from | Koha item type |
|---|---|---|---|---|---|---|---|---|---|---|---|---|---|---|---|---|
| BMS College of Architecture, Design and Planning | BMS College of Architecture, Design and Planning | 2025-09-09 | 10 | 2364.25 | 1 | AR-UG4359 | 2026-03-31 | 2026-03-24 | 3377.50 | 2025-09-09 | UG Books |